000 00954nas a2200301 4500
001 BR9502911
003 BR-BrBNA
005 20231205094345.0
007 ta
008 230509b bl.|||p| |||| 00| 00por d
040 _aBR-BrBNA
_bpor
_cBiblioteca Nacional de Agricultura
041 _a(Pt)
072 _aF30; F01
100 1 _aLima, A.F.P. de
100 1 _aCasagrande, A.A.
100 1 _aBarbosa, J.C.
100 1 _aNeme, L.H.
245 1 _aComportamento de variedades de cana-de-acucar, no Municipio de Dumont - SP, com a ocorrencia de deficits hidricos no periodo de desenvolvimento. 2. cana-soca
650 _aCana de Acucar
650 _aSoca
650 _aComportamento de Variedade
650 _aVariedade
650 _aDeficiencia Hidrica
650 _aSao Paulo
773 0 _tSTAB (Brazil)
_xISSN 0102-1214
_g(Sep-Dec 1990), v. 9(1-2) p. 31-38
_wBR9502911
909 _a202311
_bLúcia
_c55
_dLúcia Elande
942 _2AGRIS
_n0
_cANA
999 _c143771
_d143771